000 00981nam a22003377a 4500
001 BR0404420
003 BR-BrBNA
005 20230928101724.0
007 ta
008 230509b bl.||||| |||| 00| 0 por d
040 _aBR-BrBNA
_bpor
_cBiblioteca Nacional de Agricultura
041 _a(Por)
072 _aF02
_b3359
090 _ 3359 BR0404420
100 1 _aAraújo, A.G. de
110 1 _aUniversidade Federal de Lavras, MG (Brasil)
_0Tese (Mestrado)
245 1 _aCrescimento in vitro e aclimatização de plântulas de orquídea
260 3 _aLavras, MG (Brasil):
_c2004.
300 _a73 p.
500 _aSummaries (Eng, Por); Bibliography p. 62-73; 21 tables; 15 illus.
650 _aORQUÍDEA
650 _aCULTURA IN VITRO
650 _aPLÂNTULA
650 _aMEIO DE CULTURA
650 _aACLIMATAÇÃO
650 _aCARVÃO
650 _aADUBAÇÃO
650 _aREGULADOR DE CRESCIMENTO
909 _a202309
_bLucia
_c55
_dLucia Elande
942 _cBK
999 _c67252
_d67252